Годичный отчет о состоянии Имп. Казанского университета... (Запись № 4594266)

Подробности
000 -МАРКЕР
контрольное поле 03051nam1a22004331 4500
001 - ИДЕНТИФИКАТОР ЗАПИСИ
контрольное поле v19\rc\1325518
005 - ИДЕНТИФИКАТОР ВЕРСИИ
контрольное поле 20251115134832.3
035 ## - ДРУГИЕ СИСТЕМНЫЕ НОМЕРА
Идентификатор записи (NLR Aleph) 004478450
100 ## - ДАННЫЕ ОБЩЕЙ ОБРАБОТКИ
Данные общей обработки 20260118 rusy50
101 0# - ЯЗЫК РЕСУРСА
Язык текста, звукозаписи и т.д. русский
102 ## - СТРАНА ПУБЛИКАЦИИ ИЛИ ПРОИЗВОДСТВА
Страна публикации Российская Федерация
105 ## - ПОЛЕ КОДИРОВАННЫХ ДАННЫХ: ТЕКСТОВЫЕ МАТЕРИАЛЫ, МОНОГРАФИЧЕСКИЕ
Кодированные данные о монографическом текстовом документе z |||||
200 1# - ЗАГЛАВИЕ И СВЕДЕНИЯ ОБ ОТВЕТСТВЕННОСТИ
Основное заглавие Годичный отчет о состоянии Имп. Казанского университета...
210 ## - ПУБЛИКАЦИЯ, РАСПРОСТРАНЕНИЕ И ДР.
Место издания, распространения и т.д. Казань
Дата издания, распространения и т.д. 1840-1916
215 ## - ФИЗИЧЕСКАЯ ХАРАКТЕРИСТИКА
Размеры 24-28
300 ## - ОБЩИЕ ПРИМЕЧАНИЯ
Текст примечания Отчеты за 1840/41-1843/44, 1846/47-1848/49 гг. напеч. в изд.: Обозрение преподавания в Имп. Казанск. ун-те за соответствующие годы
300 ## - ОБЩИЕ ПРИМЕЧАНИЯ
Текст примечания Извлечения из отчетов за: 1864/1865-1865/1866, 1868/1869, 1871/1872-1874/1875, 1877/1878-1880/1881 гражданский год и отчеты за 1882/1883-1905, 1908-1909 гг. напеч. в изд.: Годичный акт в Имп. Казанск. ун-те, за соответствующие годы
300 ## - ОБЩИЕ ПРИМЕЧАНИЯ
Текст примечания В изд. помещены также речи, произнесенные в торжественных собраниях Имп. Казанск. ун-та и обозрение преподавания
300 ## - ОБЩИЕ ПРИМЕЧАНИЯ
Текст примечания Загл. отчетов: за 1849/50-1852/53, 1854/55, 1857/58-1859/60, 1903 гг.: Отчет о состоянии Императорского Казанского университета; за 1853/54 г.: Отчет Императорского Казанского университета; за 1866/67 г.: Извлечение из отчета по Императорскому Казанскому университету; за 1873, 1876-1878 гг.: Извлечение из отчета Императорского Казанского университета
517 0# - ДРУГИЕ ВАРИАНТЫ ЗАГЛАВИЯ
Вариант заглавия Отчет о состоянии Императорского Казанского университета
517 0# - ДРУГИЕ ВАРИАНТЫ ЗАГЛАВИЯ
Вариант заглавия Отчет Императорского Казанского университета
517 0# - ДРУГИЕ ВАРИАНТЫ ЗАГЛАВИЯ
Вариант заглавия Извлечение из отчета по Императорскому Казанскому университету
517 0# - ДРУГИЕ ВАРИАНТЫ ЗАГЛАВИЯ
Вариант заглавия Извлечение из отчета Императорского Казанского университета
532 12 - РАСШИРЕННОЕ ЗАГЛАВИЕ
Заглавие Годичный отчет о состоянии Императорского Казанского университета...
710 02 - НАИМЕНОВАНИЕ ОРГАНИЗАЦИИ - ПЕРВИЧНАЯ ОТВЕТСТВЕННОСТЬ
Начальный элемент ввода Казанский университет
801 #0 - ИСТОЧНИК ЗАПИСИ
Страна Российская Федерация
Организация NLR
Правила каталогизации psbo
801 #0 - ИСТОЧНИК ЗАПИСИ
Страна Российская Федерация
Организация RuMoRGB
Источник данных psbo
801 #1 - ИСТОЧНИК ЗАПИСИ
Страна Российская Федерация
Организация ProSoft-M
Источник данных rusmarc
852 ## - МЕСТОНАХОЖДЕНИЕ И ШИФР ХРАНЕНИЯ
Идентификатор организации NLR
Шифр хранения (Call Number) Шифры разные
Публикуемое примечание (1839-1915*)
899 ## - ДАННЫЕ О МЕСТОНАХОЖДЕНИИ (устаревшее)
Местонахождение RuMoRGB
Шифр хранения F 24/78
Публикуемое примечание (1841-1915*)
899 ## - ДАННЫЕ О МЕСТОНАХОЖДЕНИИ (устаревшее)
Местонахождение RuMoRGB
Шифр хранения F 24/18
Публикуемое примечание (1841-1915*)
899 ## - ДАННЫЕ О МЕСТОНАХОЖДЕНИИ (устаревшее)
Местонахождение RuMoRGB
Шифр хранения МК
Публикуемое примечание (1841-1915*)
899 ## - ДАННЫЕ О МЕСТОНАХОЖДЕНИИ (устаревшее)
Местонахождение RuMoRGB
Шифр хранения N 26/41
Публикуемое примечание (1841-1915*)
899 ## - ДАННЫЕ О МЕСТОНАХОЖДЕНИИ (устаревшее)
Местонахождение БАН
Публикуемое примечание (1839-1915*)
899 ## - ДАННЫЕ О МЕСТОНАХОЖДЕНИИ (устаревшее)
Местонахождение ГПИБ
Публикуемое примечание (1839-1915*)
899 ## - ДАННЫЕ О МЕСТОНАХОЖДЕНИИ (устаревшее)
Местонахождение НБ МГУ
Публикуемое примечание (1849-1850)
942 ## - ДОПОЛНИТЕЛЬНЫЕ ЭЛЕМЕНТЫ ЗАПИСИ (АБИС)
Тип экземпляра АБИС Книга
980 ## - КОЛЛЕКЦИЯ
Название коллекции Национальная библиография

Нет доступных экземпляров.